[Event "Mitropa Cup 16th"]
[Site "Buekfuerdo"]
[Date "1995.??.??"]
[Round "6"]
[White "Bosboom, Manuel"]
[Black "Stajcic, Nikola"]
[Result "1-0"]
[WhiteElo "2430"]
[BlackElo "2350"]
[Annotator "Blatny,P"]
[PlyCount "79"]
[EventDate "1995.02.??"]
[EventType "team-tourn"]
[EventRounds "9"]
[EventCountry "HUN"]
[Source "ChessBase"]
[SourceDate "1995.07.01"]

1. e4 e5 2. Bc4 Nf6 3. d3 Bc5 4. Nf3 d6 5. O-O O-O 6. c3 Bb6 7. Nbd2 Nc6 8. a4
a6 9. h3 h6 10. Re1 {Typical modern Italian pawn structure. White will like to
play on the queen's side, black will prefer counterplay in the centre.} Re8 11.
Nf1 d5 (11... Be6 $5) 12. exd5 Nxd5 13. Ng3 Be6 (13... Nf4 14. Bxf4 exf4 15.
Rxe8+ Qxe8 16. Nh5 {קf4}) 14. Qb3 (14. Nxe5 Nxe5 15. Rxe5 Bxf2+ $1 16. Kxf2 (
16. Kh2 Qd6 17. d4 Bxg3+ 18. Kxg3 f6 $19) 16... Qf6+ 17. Rf5 Bxf5 18. Qf3 Ne7
$19) 14... f6 (14... Na5 15. Qc2 Nxc4 16. dxc4 {קe5}) 15. Qc2 Qd7 {/\Qf7,/
^g8-a2} 16. Ne4 Qf7 17. b4 Rad8 (17... a5 $142) 18. a5 Ba7 19. b5 {/\קb7} axb5
20. Bxb5 Bd7 (20... Nde7 21. a6 bxa6 22. Rxa6 $36) 21. Qb3 Rb8 (21... b6 22. a6
Na5 23. Qb2 Bxb5 24. Qxb5 f5 25. Ned2 Qf6 {/\c6} (25... Nxc3 26. Qb2 Nd5 27.
Nxe5 $16)) 22. Bxh6 $1 gxh6 23. Qxd5 Be6 (23... Qxd5 24. Nxf6+ Kg7 25. Nxd5 $18
) 24. Bxc6 Bxd5 (24... bxc6 25. Qxc6 $18) 25. Bxd5 Re6 26. Nxf6+ $1 $18 Qxf6
27. Rxe5 Rbe8 28. Rae1 Kg7 29. Bxe6 Re7 30. d4 c6 31. Rf5 Qg6 32. Re4 Qe8 33.
Rg4+ Kh8 34. Ne5 $4 (34. Rg8+ Qxg8 35. Bxg8 Kxg8 36. Re5 $18) 34... Rg7 $4 (
34... Rxe6 35. Rgf4 $10) 35. Bf7 Qc8 36. Bg6 Qe6 37. Rf8+ Rg8 38. Rxg8+ Qxg8
39. Nf7+ Kg7 40. Bd3+ 1-0

[Event "Mitropa Cup 16th"]
[Site "Buekfuerdo"]
[Date "1995.??.??"]
[Round "6"]
[White "Dobrovolsky, Ladislav"]
[Black "Kachiani Gersinska, Ketino"]
[Result "0-1"]
[WhiteElo "2380"]
[BlackElo "2380"]
[PlyCount "80"]
[EventDate "1995.02.??"]
[EventType "team-tourn"]
[EventRounds "9"]
[EventCountry "HUN"]
[Source "ChessBase"]
[SourceDate "1995.07.01"]

1. e4 e5 2. Nf3 Nc6 3. Bc4 Bc5 4. c3 Nf6 5. d3 a6 6. O-O d6 7. Bb3 Ba7 8. Nbd2
O-O 9. Re1 Ng4 10. Re2 Kh8 11. h3 Nh6 12. Nf1 f5 13. d4 f4 14. dxe5 Nxe5 15.
Nxe5 dxe5 16. Qxd8 Rxd8 17. Nh2 Re8 18. Nf3 Be6 19. Bc2 Nf7 20. b3 g5 21. Bb2
Kg7 22. c4 Kf6 23. Kf1 g4 24. hxg4 Bxg4 25. Rd2 Bxf3 26. gxf3 Rad8 27. Rd5 c6
28. Rxd8 Rxd8 29. Bc1 Ng5 30. Ke2 Bd4 31. Rb1 Nh3 32. Bd2 Rg8 33. Rh1 Ng1+ 34.
Kf1 Nxf3 35. Bb4 a5 36. Bd6 h5 37. c5 h4 38. Bd3 Bc3 39. Rh3 Rg1+ 40. Ke2 Nd4#
0-1

[Event "Mitropa Cup 16th"]
[Site "Buekfuerdo"]
[Date "1995.??.??"]
[Round "6"]
[White "Grosar, Aljosa"]
[Black "Costa, Jean Luc"]
[Result "1/2-1/2"]
[WhiteElo "2475"]
[BlackElo "2425"]
[PlyCount "120"]
[EventDate "1995.02.??"]
[EventType "team-tourn"]
[EventRounds "9"]
[EventCountry "HUN"]
[Source "ChessBase"]
[SourceDate "1995.07.01"]

1. e4 c5 2. Nf3 e6 3. c3 Nf6 4. e5 Nd5 5. d4 cxd4 6. cxd4 b6 7. Nc3 Bb7 8. Bd3
Be7 9. O-O O-O 10. Bd2 Nxc3 11. bxc3 d6 12. Re1 Nd7 13. exd6 Bxd6 14. Qe2 Qc7
15. h3 Rac8 16. Rac1 Bf4 17. Be4 Bxe4 18. Qxe4 Bxd2 19. Nxd2 Rfd8 20. Qe2 Nf6
21. Qa6 Nd5 22. c4 Nf4 23. c5 Qc6 24. Nf3 bxc5 25. Qxc6 Rxc6 26. Rxc5 Ra6 27.
Rb1 f6 28. Rb7 Nd5 29. Rc2 Kf8 30. h4 h5 31. Nd2 Re8 32. Ne4 Re7 33. Rb8+ Kf7
34. g3 Kg6 35. Re2 Rc6 36. Rd8 Nb6 37. Nc5 Kf7 38. Rh8 Rd6 39. Rxh5 Rxd4 40.
Rh8 e5 41. h5 Re8 42. Rxe8 Kxe8 43. Kg2 Kf7 44. f3 Nc4 45. Kf2 f5 46. Nb3 Rd8
47. Rc2 Rc8 48. g4 Kf6 49. Kg3 Kg5 50. gxf5 Nd6 51. Rxc8 Nxc8 52. f4+ exf4+ 53.
Kf3 Ne7 54. Nd4 Nxf5 55. Ne6+ Kxh5 56. Kxf4 g6 57. a4 a5 58. Ke5 Ne3 59. Nf4+
Kg5 60. Nxg6 Kxg6 1/2-1/2

[Event "Mitropa Cup 16th"]
[Site "Buekfuerdo"]
[Date "1995.??.??"]
[Round "6"]
[White "Gyimesi, Zoltan"]
[Black "Jukic, Branimir"]
[Result "1/2-1/2"]
[WhiteElo "2500"]
[BlackElo "2415"]
[PlyCount "51"]
[EventDate "1995.02.??"]
[EventType "team-tourn"]
[EventRounds "9"]
[EventCountry "HUN"]
[Source "ChessBase"]
[SourceDate "1995.07.01"]

1. d4 Nf6 2. c4 c5 3. d5 b5 4. cxb5 a6 5. bxa6 g6 6. Nc3 Bxa6 7. g3 d6 8. Bg2
Bg7 9. Nf3 Nbd7 10. O-O Nb6 11. Re1 O-O 12. Bf4 Nh5 13. Bg5 h6 14. Bc1 Nf6 15.
e4 Nfd7 16. Qc2 Nc4 17. Bf1 Nde5 18. Nxe5 Nxe5 19. Kg2 Qa5 20. Bf4 Rfb8 21.
Rac1 Bxf1+ 22. Rxf1 c4 23. Bxe5 Bxe5 24. Nd1 Qxa2 25. Qxc4 Qxc4 26. Rxc4
1/2-1/2

[Event "Mitropa Cup 16th"]
[Site "Buekfuerdo"]
[Date "1995.??.??"]
[Round "6"]
[White "Hoffmann, Michael"]
[Black "Jirovsky, Milos"]
[Result "1/2-1/2"]
[WhiteElo "2475"]
[BlackElo "2425"]
[PlyCount "105"]
[EventDate "1995.02.??"]
[EventType "team-tourn"]
[EventRounds "9"]
[EventCountry "HUN"]
[Source "ChessBase"]
[SourceDate "1995.07.01"]

1. e4 c5 2. Nf3 d6 3. d4 cxd4 4. Nxd4 Nf6 5. Nc3 g6 6. Be3 Nc6 7. f3 Bg7 8. Qd2
O-O 9. O-O-O Nxd4 10. Bxd4 Be6 11. Kb1 Qc7 12. h4 Rfc8 13. g4 Qa5 14. Qg5 Qxg5
15. hxg5 Nd7 16. Bxg7 Kxg7 17. Rh4 Rh8 18. f4 Nb6 19. b3 h6 20. gxh6+ Rxh6 21.
Rxh6 Kxh6 22. g5+ Kg7 23. a4 a5 24. Bd3 Rh8 25. Kb2 Rh2 26. f5 Bd7 27. fxg6
fxg6 28. e5 Bg4 29. Rf1 Nd7 30. exd6 exd6 31. Nb5 Ne5 32. Be4 Be2 33. Rf6 Bd3
34. Bxd3 Nxd3+ 35. Kb1 Rh1+ 36. Ka2 Nb4+ 37. Kb2 Rg1 38. Nxd6 Rxg5 39. Rf7+ Kh6
40. Rf2 Rd5 41. Nxb7 Kh5 42. Ka3 Nc6 43. Rf6 Nd4 44. c4 Rf5 45. Rd6 Nc2+ 46.
Kb2 Nb4 47. c5 g5 48. Kc3 g4 49. Nxa5 Nd5+ 50. Kd4 Nb4 51. Ke4 Rxc5 52. Nc4 Rc8
53. a5 1/2-1/2

[Event "Mitropa Cup 16th"]
[Site "Buekfuerdo"]
[Date "1995.??.??"]
[Round "6"]
[White "Mueller, Karsten"]
[Black "Biolek, Richard"]
[Result "1-0"]
[WhiteElo "2470"]
[BlackElo "2455"]
[PlyCount "69"]
[EventDate "1995.02.??"]
[EventType "team-tourn"]
[EventRounds "9"]
[EventCountry "HUN"]
[Source "ChessBase"]
[SourceDate "1995.07.01"]

1. e4 d5 2. exd5 Qxd5 3. Nc3 Qa5 4. d4 Nf6 5. Bc4 Nc6 6. d5 Ne5 7. Bb3 Bd7 8.
Qe2 Ng6 9. Bd2 Qb6 10. h4 h5 11. O-O-O a6 12. Nh3 O-O-O 13. Ng5 Be8 14. g3 Rg8
15. Kb1 Nh8 16. f3 Bd7 17. Be3 Qa5 18. Bf2 g6 19. Qe3 b6 20. Be1 Bf5 21. a4 Qc5
22. Qxc5 bxc5 23. Bf2 Nd7 24. Rhe1 Re8 25. a5 Bh6 26. Na4 f6 27. Ne6 Ne5 28. f4
Nf3 29. Re3 Nd4 30. Nxd4 cxd4 31. Rxd4 g5 32. Rc4 gxf4 33. Rec3 fxg3 34. Rxc7+
Kd8 35. Nb6 1-0

[Event "Mitropa Cup 16th"]
[Site "Buekfuerdo"]
[Date "1995.??.??"]
[Round "6"]
[White "Pelletier, Yannick"]
[Black "Mohr, Georg"]
[Result "0-1"]
[WhiteElo "2420"]
[BlackElo "2430"]
[PlyCount "70"]
[EventDate "1995.02.??"]
[EventType "team-tourn"]
[EventRounds "9"]
[EventCountry "HUN"]
[Source "ChessBase"]
[SourceDate "1995.07.01"]

1. d4 Nf6 2. Nf3 g6 3. c4 Bg7 4. Nc3 O-O 5. e4 d6 6. Be2 e5 7. d5 a5 8. Bg5 h6
9. Bh4 Na6 10. O-O Qe8 11. Nd2 Nh7 12. a3 Bd7 13. Kh1 h5 14. f3 Bh6 15. b3 Be3
16. Qc2 f5 17. exf5 gxf5 18. Bf2 Bh6 19. Rae1 Kh8 20. Bd3 Qg6 21. Rg1 Nf6 22.
Nf1 Rae8 23. Be3 Nc5 24. Bxh6 Qxh6 25. Ne3 Nxd3 26. Qxd3 h4 27. b4 axb4 28.
axb4 Nh5 29. Ne2 Ng3+ 30. Nxg3 hxg3 31. h3 Rg8 32. f4 exf4 33. Nxf5 Qg5 34. Nd4
Bxh3 35. Rxe8 Bg4 0-1

[Event "Mitropa Cup 16th"]
[Site "Buekfuerdo"]
[Date "1995.??.??"]
[Round "6"]
[White "Polak, Tomas"]
[Black "Schmittdiel, Eckhard"]
[Result "1/2-1/2"]
[WhiteElo "2420"]
[BlackElo "2485"]
[PlyCount "35"]
[EventDate "1995.02.??"]
[EventType "team-tourn"]
[EventRounds "9"]
[EventCountry "HUN"]
[Source "ChessBase"]
[SourceDate "1995.07.01"]

1. d4 Nf6 2. c4 e6 3. Nf3 c5 4. Nc3 d5 5. cxd5 exd5 6. g3 Nc6 7. Bg2 Be7 8. O-O
O-O 9. dxc5 Bxc5 10. Bg5 d4 11. Bxf6 Qxf6 12. Nd5 Qd6 13. Nd2 Be6 14. Nf4 Bb6
15. Rc1 Rfe8 16. a3 Rad8 17. Re1 d3 18. Ne4 1/2-1/2

[Event "Mitropa Cup 16th"]
[Site "Buekfuerdo"]
[Date "1995.??.??"]
[Round "6"]
[White "Sosonko, Gennadi"]
[Black "Robatsch, Karl"]
[Result "1/2-1/2"]
[WhiteElo "2535"]
[BlackElo "2410"]
[PlyCount "92"]
[EventDate "1995.02.??"]
[EventType "team-tourn"]
[EventRounds "9"]
[EventCountry "HUN"]
[Source "ChessBase"]
[SourceDate "1995.07.01"]

1. d4 Nf6 2. Nf3 e6 3. g3 c5 4. Bg2 Qa5+ 5. Nbd2 cxd4 6. Nxd4 Nc6 7. N4b3 Qc7
8. O-O Be7 9. c4 Ne5 10. e4 Nd3 11. Qe2 Nxc1 12. Raxc1 d6 13. Nd4 O-O 14. h3
Qb6 15. N2f3 Rd8 16. Rfd1 Bd7 17. a3 Be8 18. b4 a5 19. e5 dxe5 20. c5 Qc7 21.
Qxe5 Rac8 22. Qxc7 Rxc7 23. Nb3 Rxd1+ 24. Rxd1 axb4 25. axb4 Nd5 26. Ra1 Nxb4
27. Ra8 Kf8 28. Ne5 f6 29. Nd4 fxe5 30. Nxe6+ Kf7 31. Nxc7 Bc6 32. Bxc6 Nxc6
33. Ra2 Bxc5 34. Rb2 Nb4 35. Kg2 b6 36. Kf3 Nd3 37. Re2 Ke7 38. Nb5 Ke6 39. Nc3
Bd4 40. Ne4 Kd5 41. Ra2 Ne1+ 42. Ke2 Kxe4 43. Kxe1 Kd3 44. Ra7 e4 45. Rb7 e3
46. fxe3 Kxe3 1/2-1/2

[Event "Mitropa Cup 16th"]
[Site "Buekfuerdo"]
[Date "1995.??.??"]
[Round "6"]
[White "Tibensky, Robert"]
[Black "Tatai, Stefano"]
[Result "0-1"]
[WhiteElo "2425"]
[BlackElo "2430"]
[PlyCount "74"]
[EventDate "1995.02.??"]
[EventType "team-tourn"]
[EventRounds "9"]
[EventCountry "HUN"]
[Source "ChessBase"]
[SourceDate "1995.07.01"]

1. d4 Nf6 2. c4 e6 3. Nf3 d5 4. g3 dxc4 5. Bg2 a6 6. a4 Nc6 7. O-O Rb8 8. Nc3
Bb4 9. e4 Bxc3 10. bxc3 Nxe4 11. Qc2 Nd6 12. Re1 Ne7 13. h4 b6 14. h5 h6 15.
Ne5 Bb7 16. f3 Bd5 17. Bf4 Qc8 18. Re2 Qb7 19. Rae1 b5 20. axb5 axb5 21. Rb1
Qb6 22. Be3 Qb7 23. g4 Ra8 24. Bf2 O-O 25. Nd7 Rfe8 26. Nc5 Qc6 27. Ne4 f5 28.
g5 fxe4 29. fxe4 Nxe4 30. Bxe4 Bxe4 31. Rxe4 Ra2 32. Qxa2 Qxe4 33. Rxb5 Nd5 34.
Qxc4 Qg4+ 35. Kf1 Qd1+ 36. Kg2 Rf8 37. Rb2 Qg4+ 0-1

[Event "Mitropa Cup 16th"]
[Site "Buekfuerdo"]
[Date "1995.??.??"]
[Round "6"]
[White "Varga, Zoltan"]
[Black "Zelcic, Robert"]
[Result "1-0"]
[WhiteElo "2460"]
[BlackElo "2500"]
[PlyCount "79"]
[EventDate "1995.02.??"]
[EventType "team-tourn"]
[EventRounds "9"]
[EventCountry "HUN"]
[Source "ChessBase"]
[SourceDate "1995.07.01"]

1. e4 Nf6 2. Nc3 d5 3. e5 Ne4 4. Nce2 d4 5. c3 Nc6 6. Nf3 dxc3 7. bxc3 Bg4 8.
d4 e6 9. h3 Bxf3 10. gxf3 Nxc3 11. Nxc3 Bb4 12. Bb2 Qxd4 13. Qxd4 Nxd4 14.
O-O-O Nxf3 15. Bg2 Nxe5 16. Nb5 Bd6 17. Rxd6 cxd6 18. Nxd6+ Ke7 19. Bxe5 f6 20.
Bg3 Rad8 21. Nxb7 Rd4 22. Na5 Rc8+ 23. Kb1 Kf7 24. Nc6 Rd7 25. Rc1 Ke8 26. Rc4
Rb7+ 27. Kc2 Rb6 28. Kd3 a6 29. Nb4 Rxc4 30. Kxc4 Kd7 31. a4 e5 32. a5 Rd6 33.
Bd5 g5 34. Kc5 h5 35. f3 Kc7 36. Nd3 Rd8 37. h4 gxh4 38. Bxh4 Rf8 39. Nb4 Kd7
40. Bc6+ 1-0

[Event "Mitropa Cup 16th"]
[Site "Buekfuerdo"]
[Date "1995.??.??"]
[Round "7"]
[White "Banas, Jan"]
[Black "Ruck, Robert"]
[Result "1/2-1/2"]
[WhiteElo "2410"]
[BlackElo "2460"]
[PlyCount "56"]
[EventDate "1995.02.??"]
[EventType "team-tourn"]
[EventRounds "9"]
[EventCountry "HUN"]
[Source "ChessBase"]
[SourceDate "1995.07.01"]

1. c4 e5 2. Nc3 Nf6 3. Nf3 Nc6 4. e3 Bb4 5. Qb3 Bxc3 6. Qxc3 Qe7 7. a3 d5 8. d4
exd4 9. Nxd4 Nxd4 10. Qxd4 c5 11. Qh4 dxc4 12. Bxc4 O-O 13. O-O Be6 14. Be2 Bb3
15. f3 Rfd8 16. e4 h6 17. Qf2 b6 18. Qe3 Qe6 19. Qc3 a5 20. Be3 a4 21. Rfe1 Ra7
22. Rac1 Ne8 23. Bf1 Qc6 24. Re2 Rad7 25. Rd2 Nd6 26. Re1 Nb5 27. Rxd7 Rxd7 28.
Qe5 Rd8 1/2-1/2

[Event "Mitropa Cup 16th"]
[Site "Buekfuerdo"]
[Date "1995.??.??"]
[Round "7"]
[White "Biolek, Richard"]
[Black "Kuijf, Marinus"]
[Result "0-1"]
[WhiteElo "2455"]
[BlackElo "2465"]
[PlyCount "82"]
[EventDate "1995.02.??"]
[EventType "team-tourn"]
[EventRounds "9"]
[EventCountry "HUN"]
[Source "ChessBase"]
[SourceDate "1995.07.01"]

1. e4 e6 2. d4 d5 3. e5 c5 4. Qg4 Nc6 5. Nf3 Qc7 6. Qg3 Nge7 7. Bd3 c4 8. Be2
Nf5 9. Qf4 g5 10. Nxg5 Nfxd4 11. Bh5 Qxe5+ 12. Kd1 Qxf4 13. Bxf4 Bg7 14. c3 Nf5
15. Bxf7+ Ke7 16. Re1 e5 17. Nd2 Kd6 18. Be3 Nxe3+ 19. fxe3 h6 20. Ngf3 e4 21.
Nd4 Bg4+ 22. Kc2 Bxd4 23. cxd4 Raf8 24. h3 Rxf7 25. hxg4 Rf2 26. a3 Rxg2 27.
Rg1 Rf2 28. Rh1 Rg2 29. Raf1 Rxg4 30. Rf6+ Kd7 31. Rhxh6 Rxh6 32. Rxh6 Rg2 33.
Kc1 Ne7 34. Rh7 Ke6 35. Nb1 Nf5 36. Nc3 Nxe3 37. Rh6+ Kf5 38. Rd6 Rc2+ 39. Kb1
Rd2 40. Nxd5 Nxd5 41. Rxd5+ Kf4 0-1

[Event "Mitropa Cup 16th"]
[Site "Buekfuerdo"]
[Date "1995.??.??"]
[Round "7"]
[White "Bosboom, Manuel"]
[Black "Gross, David"]
[Result "1-0"]
[WhiteElo "2430"]
[BlackElo "2425"]
[PlyCount "51"]
[EventDate "1995.02.??"]
[EventType "team-tourn"]
[EventRounds "9"]
[EventCountry "HUN"]
[Source "ChessBase"]
[SourceDate "1995.07.01"]

1. e4 e5 2. Nf3 Nc6 3. Bc4 Bc5 4. O-O d6 5. c3 Bg4 6. h3 Bh5 7. a4 a6 8. Re1
Nf6 9. d3 h6 10. Nbd2 g5 11. d4 Ba7 12. b4 g4 13. hxg4 Nxg4 14. b5 exd4 15.
bxc6 dxc3 16. Re2 cxd2 17. Qxd2 bxc6 18. Bb2 Rg8 19. Qf4 Rb8 20. Bc3 Qd7 21.
Rf1 Nxf2 22. Rexf2 Qh3 23. Bd4 Rg3 24. Bxa7 Bxf3 25. Qxf7+ Kd8 26. Qf6+ 1-0

[Event "Mitropa Cup 16th"]
[Site "Buekfuerdo"]
[Date "1995.??.??"]
[Round "7"]
[White "Casagrande, Harald"]
[Black "Pelletier, Yannick"]
[Result "0-1"]
[WhiteElo "2385"]
[BlackElo "2420"]
[PlyCount "120"]
[EventDate "1995.02.??"]
[EventType "team-tourn"]
[EventRounds "9"]
[EventCountry "HUN"]
[Source "ChessBase"]
[SourceDate "1995.07.01"]

1. Nf3 d5 2. d4 Nf6 3. Bg5 Ne4 4. h4 c5 5. e3 Qb6 6. Qc1 Bf5 7. c3 Nc6 8. Nbd2
cxd4 9. exd4 e6 10. Nxe4 Bxe4 11. Be2 Rc8 12. Qd2 h6 13. Bf4 Be7 14. Kf1 Bxf3
15. Bxf3 Na5 16. b3 Bd6 17. Bxd6 Qxd6 18. Re1 O-O 19. g4 Qc7 20. Re3 Qf4 21. g5
Nc6 22. Bd1 Rfd8 23. Qe2 Ne7 24. Bc2 Nf5 25. Rf3 Qc1+ 26. Kg2 Nxd4 27. Bh7+ Kh8
28. Qd3 Qxh1+ 29. Kxh1 Nxf3 30. Qxf3 Kxh7 31. Qxf7 Rf8 32. Qxe6 Rce8 33. g6+
Kh8 34. Qd7 Re4 35. Kg2 Rxh4 36. f3 Rh5 37. f4 Rh4 38. Qxd5 Rhxf4 39. Kg3 Rf1
40. Qe4 b6 41. c4 R1f2 42. Qe7 R2f3+ 43. Kg2 R3f6 44. Kh3 Rf3+ 45. Kg2 R3f5 46.
Qd6 R5f6 47. Qg3 Rd8 48. Qg4 Kg8 49. Qe4 Rdd6 50. Qe8+ Rf8 51. Qe4 Rd2+ 52. Kg3
Rxa2 53. b4 Raf2 54. c5 R8f3+ 55. Kg4 Rf4+ 56. Qxf4 Rxf4+ 57. Kxf4 bxc5 58.
bxc5 Kf8 59. Ke5 Ke7 60. c6 h5 0-1

[Event "Mitropa Cup 16th"]
[Site "Buekfuerdo"]
[Date "1995.??.??"]
[Round "7"]
[White "Costa, Jean Luc"]
[Black "Stajcic, Nikola"]
[Result "1-0"]
[WhiteElo "2425"]
[BlackElo "2350"]
[PlyCount "95"]
[EventDate "1995.02.??"]
[EventType "team-tourn"]
[EventRounds "9"]
[EventCountry "HUN"]
[Source "ChessBase"]
[SourceDate "1995.07.01"]

1. d4 d5 2. c4 dxc4 3. e3 e5 4. Bxc4 exd4 5. exd4 Nf6 6. Qb3 Qe7+ 7. Ne2 Qb4+
8. Nbc3 Qxb3 9. Bxb3 Bd6 10. Bg5 Nbd7 11. Nb5 Ne4 12. Bf4 Bb4+ 13. Nec3 O-O 14.
O-O Bxc3 15. bxc3 c6 16. Nc7 Nxc3 17. Rfe1 Rb8 18. Rac1 Nb5 19. Nxb5 cxb5 20.
Bxb8 Nxb8 21. Rc7 g6 22. Ree7 Na6 23. Bxf7+ Kh8 24. Rc1 Nb4 25. Bb3 Nc6 26. Rc7
Bf5 27. Rxb7 Nxd4 28. Rcc7 g5 29. Rxa7 g4 30. Bd5 b4 31. Ra8 Rxa8 32. Bxa8 Ne2+
33. Kf1 Nc3 34. Rxc3 bxc3 35. Ke2 Be6 36. a4 Bc4+ 37. Ke3 Ba6 38. Be4 Kg7 39.
Bd3 Bb7 40. g3 h6 41. Kd4 Kf6 42. Kxc3 Ke5 43. Be2 Bc8 44. Kd3 h5 45. Ke3 Kf5
46. a5 Bb7 47. a6 Ba8 48. f4 1-0

[Event "Mitropa Cup 16th"]
[Site "Buekfuerdo"]
[Date "1995.??.??"]
[Round "7"]
[White "Gyimesi, Zoltan"]
[Black "Mrva, Martin"]
[Result "1-0"]
[WhiteElo "2500"]
[BlackElo "2400"]
[PlyCount "87"]
[EventDate "1995.02.??"]
[EventType "team-tourn"]
[EventRounds "9"]
[EventCountry "HUN"]
[Source "ChessBase"]
[SourceDate "1995.07.01"]

1. d4 Nf6 2. c4 g6 3. Nc3 Bg7 4. e4 d6 5. Be2 O-O 6. Nf3 e5 7. O-O Nc6 8. d5
Ne7 9. Ne1 Nd7 10. Nd3 f5 11. Bd2 Kh8 12. b4 Nf6 13. f3 c6 14. Rc1 b5 15. Nf2
bxc4 16. Bxc4 cxd5 17. exd5 Bb7 18. Qb3 Rc8 19. a4 Qc7 20. Nb5 Qb8 21. Bg5 h6
22. Bxf6 Bxf6 23. g3 Kg7 24. Rfd1 h5 25. Kg2 a6 26. Na3 g5 27. h3 Rh8 28. b5 a5
29. Nc2 Rc5 30. Ne3 Qa8 31. Qd3 f4 32. Nf5+ Nxf5 33. Qxf5 Qc8 34. Bd3 Qxf5 35.
Bxf5 Rxc1 36. Rxc1 Bd8 37. Be6 fxg3 38. Ne4 g4 39. Nxd6 gxf3+ 40. Kxg3 Ba8 41.
Kxf3 Rf8+ 42. Ke4 Be7 43. Rg1+ Kh7 44. Nf7 1-0

[Event "Mitropa Cup 16th"]
[Site "Buekfuerdo"]
[Date "1995.??.??"]
[Round "7"]
[White "Huss, Andreas"]
[Black "Wittmann, Walter"]
[Result "1/2-1/2"]
[WhiteElo "2415"]
[BlackElo "2405"]
[Annotator "Hecht"]
[PlyCount "83"]
[EventDate "1995.02.??"]
[EventType "team-tourn"]
[EventRounds "9"]
[EventCountry "HUN"]
[Source "ChessBase"]
[SourceDate "1995.07.01"]

1. d4 Nf6 2. Nf3 g6 3. c4 Bg7 4. Nc3 d6 5. e4 O-O 6. Be2 Bg4 7. Be3 Nfd7 8. Qd2
(8. Rc1 e5 9. d5) (8. Ng1 Bxe2 9. Ngxe2 c5 10. O-O) 8... e5 (8... Bxf3 9. Bxf3
e5 10. O-O exd4 11. Bxd4 Nc6 12. Bxg7 Kxg7 13. Be2 Nf6 14. f4 Qe7 15. Bf3 Rae8
16. Rae1 {Sakhatova,G-Kiprianova,M/Moscow-W ;TD 92\07 1990/1-0 (38)}) (8... c5
9. d5 Qa5 10. O-O Bxc3 11. bxc3 Nb6 12. Bh6 Re8 13. Qf4 Bxf3 14. Qxf3 N8d7 15.
Qh3 Ne5 16. f4 Nexc4 17. f5 Ne5 18. fxg6 fxg6 19. Rf2 c4 20. Raf1 Qc5 21. Qe6+
Kh8 22. Kh1 Qc7 23. Bg7+ Kxg7 24. Rf7+ {1-0 Ree,H-Van der Sterren,P/Lone Pine 
(06) ;MCL 01 1978}) 9. O-O-O (9. d5 $142 f5 (9... Bxf3 10. gxf3 Nf6 11. O-O-O
Nh5 12. h4 Nd7 13. Rdg1 a6 14. Kb1 Qe7 15. Bf1 c5 16. Bh3 Nf4 17. h5 {Vaganian,
R-Krogius,N/URS-ch39 Leningrad ;URS-ch 1971/0-1 (41)}) 10. Bg5 (10. Ng1 Bxe2
11. Qxe2 a5 12. Nf3 Na6 13. O-O f4 14. Bd2 h5 15. Ne1 Nf6 16. Nd3 f3 17. gxf3
Nb4 {Olafsson,H-Shibut,M/New York op (05) ;TD 92\05 1992/1-0 (30)}) 10... Qe8
11. Ng1 Bxe2 12. Ngxe2 Nc5 (12... f4 13. f3 Bf6 {1/2-1/2 Olafsson,H-Benko,P/
Lone Pine (02) ;MCL 01 1978}) 13. f3 a5 14. O-O b6 15. Rab1 Nba6 16. b3 Qd7 {
Schmidt,B-Krause,C/BL 8485 (1985) ;BL 1985/1-0 (42)}) 9... Nc6 10. d5 Nd4 11.
Nxd4 exd4 12. Bxd4 Bxd4 13. Qxd4 Bxe2 14. Nxe2 Qg5+ 15. f4 Qxg2 16. Ng3 f6 17.
Rhg1 Qh3 18. Rde1 Rae8 19. Kb1 b6 20. Qf2 Kh8 21. Re3 Qh4 22. Rf3 Re7 23. Qf1
Nc5 24. Re3 Rfe8 25. Qf3 f5 $15 26. Rge1 fxe4 27. Nxe4 Nxe4 28. Rxe4 Qxe1+ 29.
Rxe1 Rxe1+ 30. Kc2 R1e2+ 31. Kd3 Rxb2 32. f5 Rbe2 33. Qf4 R8e3+ 34. Kd4 Re4+
35. Qxe4 Rxe4+ 36. Kxe4 $10 {Weiss hält leicht remis, weil die s
Q-Flügelmehrheit lahmgelegt ist.} Kg7 37. Kf4 Kf6 38. fxg6 Kxg6 39. Kg4 a6 40.
a4 h6 41. h4 Kf6 42. Kh5 1/2-1/2

[Event "Mitropa Cup 16th"]
[Site "Buekfuerdo"]
[Date "1995.??.??"]
[Round "7"]
[White "Kachiani Gersinska, Ketino"]
[Black "Loncar, Robert"]
[Result "1/2-1/2"]
[WhiteElo "2380"]
[BlackElo "2385"]
[PlyCount "102"]
[EventDate "1995.02.??"]
[EventType "team-tourn"]
[EventRounds "9"]
[EventCountry "HUN"]
[Source "ChessBase"]
[SourceDate "1995.07.01"]

1. d4 d5 2. c4 c6 3. Nf3 Nf6 4. Qb3 dxc4 5. Qxc4 Bf5 6. Nc3 e6 7. g3 Be7 8. Bg2
O-O 9. O-O Nbd7 10. e3 Ne4 11. Qe2 Qa5 12. Bd2 Nxd2 13. Nxd2 Bg6 14. a3 Qb6 15.
Nc4 Qa6 16. Rfc1 Rad8 17. b4 Nb6 18. Na5 Bd3 19. Qd2 e5 20. Nxb7 Qxb7 21. Qxd3
exd4 22. exd4 Qd7 23. Ne4 Qxd4 24. Qxd4 Rxd4 25. Rxc6 Rc4 26. Rc1 Rxc1+ 27.
Rxc1 f5 28. Nc5 Rc8 29. Nb3 Rxc1+ 30. Nxc1 Kf8 31. Nd3 Bd6 32. Kf1 Nc4 33. a4
Ne5 34. Nc5 Bxc5 35. bxc5 Nd3 36. c6 Ke7 37. Ke2 Nc5 38. Ke3 Kd6 39. Kf4 Nxa4
40. Kxf5 Nc5 41. c7 Kxc7 42. Bd5 a5 43. Bg8 a4 44. Bxh7 a3 45. Bg8 Kd6 46. h4
Ke7 47. Ba2 Nd3 48. Kg6 Kf8 49. h5 Nxf2 50. h6 gxh6 51. Kxh6 Ke7 1/2-1/2

[Event "Mitropa Cup 16th"]
[Site "Buekfuerdo"]
[Date "1995.??.??"]
[Round "7"]
[White "Leventic, Ivan"]
[Black "Mueller, Karsten"]
[Result "1/2-1/2"]
[WhiteElo "2400"]
[BlackElo "2470"]
[PlyCount "47"]
[EventDate "1995.02.??"]
[EventType "team-tourn"]
[EventRounds "9"]
[EventCountry "HUN"]
[Source "ChessBase"]
[SourceDate "1995.07.01"]

1. e4 d5 2. exd5 Qxd5 3. Nc3 Qa5 4. Nf3 Nf6 5. d4 c6 6. Bc4 Bf5 7. Bd2 e6 8.
Qe2 Bb4 9. Ne5 Nbd7 10. Nxd7 Nxd7 11. a3 O-O-O 12. O-O Bxc3 13. Bxc3 Qc7 14.
Bd2 Nf6 15. c3 h6 16. Rfe1 Rhe8 17. f3 g5 18. Qe5 Qxe5 19. Rxe5 Nd7 20. Re2 Nb6
21. Bb3 Rg8 22. h3 Nd5 23. Bxd5 cxd5 24. g4 1/2-1/2

[Event "Mitropa Cup 16th"]
[Site "Buekfuerdo"]
[Date "1995.??.??"]
[Round "7"]
[White "Marinelli, Tullio"]
[Black "Grosar, Aljosa"]
[Result "1-0"]
[WhiteElo "2425"]
[BlackElo "2475"]
[PlyCount "91"]
[EventDate "1995.02.??"]
[EventType "team-tourn"]
[EventRounds "9"]
[EventCountry "HUN"]
[Source "ChessBase"]
[SourceDate "1995.07.01"]

1. d4 Nf6 2. c4 e6 3. Nc3 Bb4 4. e3 b6 5. Nge2 c5 6. a3 Ba5 7. g3 Bb7 8. d5 b5
9. Bg2 bxc4 10. O-O O-O 11. e4 d6 12. h3 exd5 13. exd5 Nbd7 14. Bf4 Re8 15.
Bxd6 Nb6 16. Bxc5 Nbxd5 17. Nb5 Bc7 18. Rc1 Be5 19. Rxc4 Qd7 20. a4 Ba6 21.
Ned4 Rac8 22. Qc1 h5 23. h4 Rxc5 24. Rxc5 Bxd4 25. Nxd4 Bxf1 26. Bxf1 Qxa4 27.
Nf5 Qb4 28. Qg5 g6 29. Rb5 Qe1 30. Rb7 Ng4 31. Nh6+ Nxh6 32. Qxd5 Qc1 33. Kg2
Qe1 34. Bd3 Kg7 35. Rxa7 Re6 36. Qd4+ Kh7 37. b4 Re7 38. Rxe7 Qxe7 39. b5 Qb7+
40. Kg1 Ng4 41. b6 f5 42. Bc4 Qe7 43. Bd5 Qe1+ 44. Kg2 f4 45. Qxf4 g5 46. Qf5+
1-0